Made in Ancient Egypt

محفوظ في:

المؤلف الرئيسي: Helen Strudwick

مؤلفون آخرون: Thomas Clarke

التنسيق: كتاب

اللغة: Undetermined

منشور في: Cairo American University in Cairo 2025

الموضوعات:

الوسوم: إضافة وسم

لا توجد وسوم, كن أول من يضع وسما على هذه التسجيلة!

رقم الطلب: On Hold

LEADER 00538nam a2200181Ia 4500
005 20260324113531.0
008 260324s9999||||xx |||||||||||||| ||und||
020 |a 978-1649035318 
050 4 |a On Hold 
100 0 |a Helen Strudwick 
245 1 0 |a Made in Ancient Egypt  |c Helen Strudwick 
264 1 |a Cairo  |b American University in Cairo  |c 2025 
300 |a 184 pages  |b illustrations   |c 27 cm 
650 4 |a Art égyptien 
650 4 |a Art, Egyptian--Exhibitions 
650 4 |a The Stories behind the Artifacts 
700 0 |a Thomas Clarke 
999 |c 61926  |d 61926